Digital communicaitons,fundamentals and applicaitons (Record no. 581945)

000 -LEADER
fixed length control field 00575nam a22002057a 4500
003 - CONTROL NUMBER IDENTIFIER
control field CEME
005 - DATE AND TIME OF LATEST TRANSACTION
control field 20210628205655.0
008 - FIXED-LENGTH DATA ELEMENTS--GENERAL INFORMATION
fixed length control field 210114b xxu||||| |||| 00| 0 eng d
020 ## - INTERNATIONAL STANDARD BOOK NUMBER
International Standard Book Number 9788131720929
040 ## - CATALOGING SOURCE
Transcribing agency .
082 ## - DEWEY DECIMAL CLASSIFICATION NUMBER
Classification number 621.382 SKL
100 ## - MAIN ENTRY--PERSONAL NAME
Personal name Sklar, Bernard
9 (RLIN) 694
245 ## - TITLE STATEMENT
Title Digital communicaitons,fundamentals and applicaitons
250 ## - EDITION STATEMENT
Edition statement 2ND
260 ## - PUBLICATION, DISTRIBUTION, ETC.
Place of publication, distribution, etc. INDIA
Name of publisher, distributor, etc. PEARSON EDUCATION
Date of publication, distribution, etc. 2015
300 ## - PHYSICAL DESCRIPTION
Extent XXV, 1135P
650 ## - SUBJECT ADDED ENTRY--TOPICAL TERM
Topical term or geographic name entry element DIGITAL COMMUNICAITONS - FUNDAMENTALS AND APPLICAITONS
9 (RLIN) 76582
700 ## - ADDED ENTRY--PERSONAL NAME
Personal name RAY, PABITRA KUMAR
9 (RLIN) 76583
942 ## - ADDED ENTRY ELEMENTS (KOHA)
Koha item type Book
Source of classification or shelving scheme
Holdings
Withdrawn status Lost status Damaged status Not for loan Permanent Location Current Location Shelving location Date acquired Total Checkouts Full call number Barcode Date last seen Price effective from Koha item type Source of classification or shelving scheme
        College of Electrical & Mechanical Engineering (CEME) College of Electrical & Mechanical Engineering (CEME) General Stacks 02/23/2017   621.382 SKL CEME-47824 06/28/2021 06/28/2021 Book  
        College of Electrical & Mechanical Engineering (CEME) College of Electrical & Mechanical Engineering (CEME) General Stacks 01/04/2020   621.382 SKL CEME-38395 06/28/2021 06/28/2021 Book  
© 2023 Central Library, National University of Sciences and Technology. All Rights Reserved.